|
|
|
|
| LEADER |
01927nem a2200469 a 4500 |
| 001 |
mzk03001178612 |
| 003 |
CZ BrMZK |
| 005 |
20130802104547.0 |
| 007 |
aj|aanzn |
| 008 |
080121s1804 au |||||||a|||r|0|||ger|d |
| 034 |
1 |
|
|a a
|b 4400000
|d E0091100
|e E0250000
|f N0521500
|g N0440000
|
| 040 |
|
|
|a BOE950
|b cze
|
| 043 |
|
|
|a ec-----
|a es-----
|
| 072 |
|
7 |
|a 912:904
|x Staré mapy
|2 Konspekt
|9 7
|
| 080 |
|
|
|a (4-191.2)
|2 MRF
|
| 080 |
|
|
|a (4-13)
|2 MRF
|
| 080 |
|
|
|a (084.3)
|2 MRF
|
| 100 |
1 |
|
|a Kipferling, Karl Joseph
|7 xx0084880
|4 aut
|
| 245 |
1 |
0 |
|a Post Charte der Oesterreichischen Monarchie
|h [kartografický dokument] /
|c Zur Übersicht des Öster. Postenlaufes, nach Crusius's Lexikon entworfen von K. I. Kipferling
|
| 255 |
|
|
|a Měřítko [ca 1:4 400 000]
|c (009°11´00" v.d.--025°00´00" v.d./052°15´00" s.š.--044°00´00" s.š.)
|
| 260 |
|
|
|a Wien :
|b Im Verlage des Kunst und Industrie Comptoirs,
|c 1804
|
| 300 |
|
|
|a 1 mapa :
|b mědirytina ;
|c 26 x 33 cm
|
| 500 |
|
|
|a Mapa je rozdělena na 4 části a podlepena tmavým plátnem
|
| 500 |
|
|
|a Výzdoba: Vlevo nahoře údaje o názvu
|
| 510 |
4 |
|
|a Dörflinger, J. Österreichische Karten des frühen 19. Jahrhunderts,
|c s. 539-540
|
| 510 |
3 |
|
|a IKAR
|
| 561 |
|
|
|a Provenience: [stará signatura] 22.21.
|
| 561 |
|
|
|a Provenience: [m.p.] O 22
|
| 561 |
|
|
|a Provenience: [m.p.] H 11
|
| 561 |
|
|
|a Provenience: [m.p.] Postkarte Oesterreich 1804
|
| 655 |
|
7 |
|a staré mapy
|7 fd674099
|2 czenas
|
| 651 |
|
7 |
|a Evropa střední
|7 ge137882
|2 czenas
|
| 651 |
|
7 |
|a Evropa jižní
|7 ge137884
|2 czenas
|
| 700 |
1 |
|
|a Crusius, Christian,
|d 1758-1831
|7 mzk2009534930
|4 oth
|
| 910 |
|
|
|e BOE950
|c R - DLXVII (I.I.b.)
|
| 978 |
|
|
|b Kunst und Industrie Comptoirs
|a Wien
|c 1804
|
| 984 |
|
|
|a Vídeň
|b Rakousko
|
| 985 |
|
|
|a 1801-1850
|
| 990 |
|
|
|a MP
|
| 996 |
|
|
|e BOE950
|c R - DLXVII (I.I.b.)
|
| 991 |
|
|
|k rajhrad
|
| 980 |
|
|
|c 290452
|g R - DLXVII (I.I.b.)
|d 20080121
|t 5
|1 328100290452
|n J
|z KR
|